| Tag |
First Indicator |
Second Indicator |
Subfields |
| LEADER |
00000cam a2200000Ia 4500 |
| 001 |
in00001996613 |
| 005 |
20151031121035.0 |
| 008 |
000525s1999 ru a b 000 0 rusod |
| 035 |
|
|
|a (OCoLC)ocm44191476
|
| 040 |
|
|
|a CUY
|c CUY
|d AZS
|d OCLCQ
|d TXA
|d UtOrBLW
|
| 043 |
|
|
|a e-ru---
|
| 049 |
|
|
|a TXAM
|
| 050 |
|
4 |
|a HD2346.R9
|b T4 1999
|
| 245 |
0 |
0 |
|a Tenevai︠a︡ ėkonomika :
|b ėkonomicheskiĭ i sot︠s︡ialn̆yĭ aspekty : problemno-tematicheskiĭ sbornik.
|
| 264 |
|
1 |
|a Moskva :
|b INION RAN,
|c 1999.
|
| 300 |
|
|
|a 168 pages :
|b illustrations ;
|c 20 cm.
|
| 336 |
|
|
|a text
|b txt
|2 rdacontent
|
| 337 |
|
|
|a unmediated
|b n
|2 rdamedia
|
| 338 |
|
|
|a volume
|b nc
|2 rdacarrier
|
| 490 |
1 |
|
|a Ėkonomicheskie i sot︠s︡ialʹnye problemy Rossii ;
|v 1999, 4
|
| 500 |
|
|
|a At head of title: Rossiĭskai︠a︡ akademii︠a︡ nauk. Institut nauchnoĭ informat︠s︡ii po obshchestvennym naukam.
|
| 504 |
|
|
|a Includes bibliographical references.
|
| 650 |
|
0 |
|a Informal sector (Economics)
|x Social aspects
|z Russia (Federation)
|
| 650 |
|
0 |
|a Commercial crimes
|z Russia (Federation)
|
| 651 |
|
0 |
|a Russia (Federation)
|x Economic conditions
|y 1991-
|
| 651 |
|
0 |
|a Russia (Federation)
|x Social conditions
|y 1991-
|
| 710 |
2 |
|
|a Institut nauchnoĭ informat︠s︡ii po obshchestvennym naukam (Rossiĭskai︠a︡ akademii︠a︡ nauk)
|
| 830 |
|
0 |
|a Ėkonomicheskie i sot︠s︡ialʹnye problemy Rossii ;
|v 1999, 4.
|
| 948 |
|
|
|a cataloged
|b h
|c 2004/10/5
|d c
|e tchubaryan
|f 1:39:44 pm
|
| 994 |
|
|
|a E0
|b TXA
|
| 999 |
|
|
|a MARS
|
| 999 |
f |
f |
|s 8d4b6139-020a-3c4f-be0d-1dcb5f802df4
|i 181203c5-9af2-3c49-8dfc-eff3be42629a
|t 0
|
| 952 |
f |
f |
|p ric
|a Texas A&M University
|b Rellis Campus
|c Joint Library Facility
|d Remote Storage
|t 0
|e HD2346.R9 T4 1999
|h Library of Congress classification
|i unmediated -- volume
|m A14831358661
|
| 998 |
f |
f |
|a HD2346.R9 T4 1999
|t 0
|l Remote Storage
|